The Influence of Sustainable Fashion on Consumer Behavior of People under 45

Identifikácia postojov slovenských spotrebiteľov do 45 rokov k udržateľnej móde - dotazníkový prieskum. Módny priemysel a jeho negatívny vplyv na životné prostredie.

Salvato in:
Dettagli Bibliografici
Autore principale: Gundová, Petra
Altri autori: Volovská, Viktória
Natura: Capitolo di libro
Lingua:slovacco
Soggetti:
Tags: Aggiungi Tag
Nessun Tag, puoi essere il primo ad aggiungerne!!

MARC

LEADER 00000naa a2200000 4500
001 0307803
005 20250324122750.8
041 0 |a slo 
044 |a CZ 
245 1 0 |a The Influence of Sustainable Fashion on Consumer Behavior of People under 45  |c Petra Gundová, Viktória Volovská 
520 |a Identifikácia postojov slovenských spotrebiteľov do 45 rokov k udržateľnej móde - dotazníkový prieskum. Módny priemysel a jeho negatívny vplyv na životné prostredie. 
610 2 0 |a priemysel odevný 
610 2 0 |a udržateľnosť 
610 2 0 |a správanie spotrebiteľa 
610 2 0 |a environmentalistika 
610 2 0 |a prieskum 
610 2 0 |a Slovensko 
100 1 |a Gundová, Petra 
700 1 |a Volovská, Viktória